| 000 | 00361nam a22001577a 4500 | ||
|---|---|---|---|
| 003 | SGT | ||
| 020 | _a978-93-5129042-1 | ||
| 082 |
_a616.07 _bB13B |
||
| 100 | _aBHARDWAJ, J.R,ED. | ||
| 245 | _aBOYD'S TEXTBOOK OF PATHOLOGY-2 | ||
| 250 | _a10TH | ||
| 260 |
_aNEW DELHI _bWALTERS KLUWER PUB _c2013 |
||
| 300 | _a1815+I51 | ||
| 650 | _aAYURVEDA | ||
| 942 |
_2ddc _cBK |
||
| 999 |
_c11326 _d11326 |
||